[Event "Wroclaw op-B"]
[Site "Wroclaw"]
[Date "2024.08.14"]
[Round "9"]
[White "Mendez Gimenez, Nestor Emmanuel"]
[Black "Swierczynski, Jan"]
[Result "0-1"]
[WhiteElo "1987"]
[BlackElo "1813"]
[PlyCount "68"]
[EventDate "2024.08.08"]
[EventType "swiss"]
[EventRounds "9"]
[EventCountry "POL"]
[SourceTitle "EXT 2025"]
[Source "ChessBase"]
[SourceDate "2024.10.14"]
[SourceVersion "1"]
[SourceVersionDate "2024.10.14"]
[SourceQuality "1"]

1. e4 c6 2. d4 d5 3. Nc3 dxe4 4. Nxe4 Nf6 5. Nxf6+ exf6 6. c3 Bd6 7. Bd3 0-0 8. Qc2 Re8+ 9. Ne2 h6 10. Be3 Nd7 11. 0-0 Nf8 12. c4 Bg4 13. Nc3 Bh5 14. c5 Bc7 15. Qb3 Qb8 16. h3 Bh2+ 17. Kh1 Bf4 18. Ne4 Bc7 19. Rae1 Bg6 20. f3 Ne6 21. Re2 Rd8 22. Nxf6+ gxf6 23. Bxg6 Kg7 24. Bxf7 Kxf7 25. Bxh6 Rd5 26. Rfe1 Nxd4 27. Re4 Nxb3 28. Rg4 Rg5 29. Bxg5 fxg5 30. axb3 Qd8 31. Rge4 Qf6 32. R1e2 Rd8 33. Kg1 Rd5 34. Rc2 Bg3 0-1

[Event "ESP-ch U14 rapid"]
[Site "Salobrena"]
[Date "2024.07.21"]
[Round "5"]
[White "Clemente Grande, Daniel"]
[Black "Mendez Gimenez, Nestor Emmanuel"]
[Result "1-0"]
[WhiteElo "1905"]
[BlackElo "1778"]
[PlyCount "59"]
[EventDate "2024.07.20"]
[EventType "swiss (rapid)"]
[EventRounds "9"]
[EventCountry "ESP"]
[SourceTitle "CBM 221 Extra"]
[Source "ChessBase"]
[SourceDate "2024.09.30"]
[SourceVersion "1"]
[SourceVersionDate "2024.09.30"]
[SourceQuality "1"]

1. Nf3 Nf6 2. b3 d5 3. Bb2 Bf5 4. e3 e6 5. Be2 h6 6. 0-0 Nbd7 7. d3 Bd6 8. Nbd2 c6 9. c4 0-0 10. Rc1 a5 11. e4 dxe4 12. dxe4 Nxe4 13. Nxe4 Bf4 14. Ned2 Nc5 15. Nd4 Bh7 16. g3 Bg5 17. f4 Bf6 18. N2f3 Be4 19. Ba3 Qb6 20. Qd2 Rad8 21. Qe3 Bh7 22. Nxe6 fxe6 23. Bxc5 Qc7 24. Bxf8 Rxf8 25. Qxe6+ Kh8 26. Rcd1 Bg8 27. Qd7 Qb6+ 28. Kg2 Qe3 29. Qd3 Qc5 30. Qd6 1-0

[Event "ESP-ch U14"]
[Site "Salobrena"]
[Date "2024.07.19"]
[Round "8"]
[White "Mendez Gimenez, Nestor Emmanuel"]
[Black "Kowalski Rubiales, Nicholas"]
[Result "1-0"]
[WhiteElo "1959"]
[BlackElo "1882"]
[PlyCount "101"]
[EventDate "2024.07.15"]
[EventType "swiss"]
[EventRounds "9"]
[EventCountry "ESP"]
[SourceTitle "EXT 2025"]
[Source "ChessBase"]
[SourceDate "2024.10.14"]
[SourceVersion "1"]
[SourceVersionDate "2024.10.14"]
[SourceQuality "1"]

1. e4 c6 2. d4 d5 3. Nc3 dxe4 4. Nxe4 Bf5 5. Ng3 Bg6 6. h4 h6 7. h5 Bh7 8. c3 Nf6 9. Bd3 Bxd3 10. Qxd3 e6 11. N1e2 Bd6 12. Bf4 0-0 13. 0-0-0 b5 14. Bxd6 Qxd6 15. Ne4 Nxe4 16. Qxe4 Qd5 17. Qxd5 cxd5 18. Nf4 Nd7 19. Nd3 Rfc8 20. Kd2 a5 21. Ra1 Kf8 22. a4 b4 23. cxb4 Rc4 24. Rh4 axb4 25. b3 Rc7 26. Rhh1 Ke7 27. f3 Kd6 28. Rac1 Rb7 29. Rc2 Rg8 30. Rhc1 g6 31. hxg6 Rxg6 32. Ke3 Rg8 33. Kf2 Rgb8 34. g4 f6 35. Rc6+ Ke7 36. Re1 Nf8 37. Nc5 Rb6 38. Rc7+ Ke8 39. Rh1 e5 40. Rxh6 exd4 41. Rh8 Rd6 42. Ke2 Rbd8 43. Kd3 f5 44. gxf5 Rf6 45. Ne6 Rb8 46. Ra7 Rc8 47. Kxd4 Rc3 48. Ke5 Rxe6+ 49. fxe6 Re3+ 50. Kxd5 Rxe6 51. Rxf8+ 1-0

[Event "ESP-ch U14"]
[Site "Salobrena"]
[Date "2024.07.19"]
[Round "7"]
[White "Zhao, Yuyang"]
[Black "Mendez Gimenez, Nestor Emmanuel"]
[Result "0-1"]
[WhiteElo "1827"]
[BlackElo "1959"]
[PlyCount "64"]
[EventDate "2024.07.15"]
[EventType "swiss"]
[EventRounds "9"]
[EventCountry "ESP"]
[SourceTitle "EXT 2025"]
[Source "ChessBase"]
[SourceDate "2024.10.14"]
[SourceVersion "1"]
[SourceVersionDate "2024.10.14"]
[SourceQuality "1"]

1. d4 Nf6 2. Nf3 g6 3. Nc3 d5 4. Bf4 Bg7 5. e3 0-0 6. Be2 c5 7. Ne5 cxd4 8. exd4 Bf5 9. 0-0 Nc6 10. Nxc6 bxc6 11. Na4 Ne4 12. f3 Nd6 13. c3 f6 14. g4 Bc8 15. Qd2 e5 16. Bh6 Bxh6 17. Qxh6 Rb8 18. b3 exd4 19. cxd4 f5 20. Rac1 Qe8 21. Qd2 Rb7 22. Rce1 Rbf7 23. Bd1 Qd8 24. Nc5 fxg4 25. fxg4 Qh4 26. Qg2 Qg5 27. h3 Qh4 28. a4 Rf4 29. Qd2 Qxh3 30. Rxf4 Qg3+ 31. Kh1 Rxf4 32. Qe3 Rf1+ 0-1

[Event "ESP-ch U14"]
[Site "Salobrena"]
[Date "2024.07.15"]
[Round "2"]
[White "Mendez Gimenez, Nestor Emmanuel"]
[Black "Lazaro Del Arco, Martina"]
[Result "1/2-1/2"]
[WhiteElo "1959"]
[BlackElo "1794"]
[PlyCount "102"]
[EventDate "2024.07.15"]
[EventType "swiss"]
[EventRounds "9"]
[EventCountry "ESP"]
[SourceTitle "EXT 2025"]
[Source "ChessBase"]
[SourceDate "2024.10.14"]
[SourceVersion "1"]
[SourceVersionDate "2024.10.14"]
[SourceQuality "1"]

1. e4 d5 2. exd5 Qxd5 3. Nf3 Nf6 4. d4 c6 5. c4 Qa5+ 6. Bd2 Qb6 7. c5 Qc7 8. Bc4 Bf5 9. Nc3 e6 10. Ne5 Nbd7 11. Bf4 Nxe5 12. Bxe5 Qd7 13. h3 Ne4 14. Nxe4 Bxe4 15. Qg4 Bf5 16. Qd1 f6 17. Bf4 0-0-0 18. Be3 e5 19. dxe5 Qxd1+ 20. Rxd1 Rxd1+ 21. Kxd1 fxe5 22. Ke2 Be7 23. b4 a6 24. Bd3 Be6 25. a4 g6 26. Bd2 Rd8 27. Bc3 Bf6 28. Rd1 Bb3 29. Ra1 Bh8 30. Be4 Bc4+ 31. Ke3 Bg7 32. f3 Kc7 33. b5 Kc8 34. bxc6 bxc6 35. Rb1 Bf8 36. Bxe5 Bxc5+ 37. Kf4 Bd5 38. Rb8+ Kd7 39. Rb7+ Ke6 40. Bb2 Rf8+ 41. Kg4 Bd6 42. g3 Bxe4 43. fxe4 h5+ 44. Kg5 Bxg3 45. Kxg6 Rg8+ 46. Kxh5 Bf2 47. Rg7 Rb8 48. Rg6+ Kd7 49. Be5 Rb4 50. Rd6+ Ke7 51. Rxc6 Rxa4 1/2-1/2

[Event "ESP-ch U14"]
[Site "Salobrena"]
[Date "2024.07.15"]
[Round "1"]
[White "Moratalla Leon, Angel"]
[Black "Mendez Gimenez, Nestor Emmanuel"]
[Result "0-1"]
[WhiteElo "1706"]
[BlackElo "1959"]
[PlyCount "80"]
[EventDate "2024.07.15"]
[EventType "swiss"]
[EventRounds "9"]
[EventCountry "ESP"]
[SourceTitle "EXT 2025"]
[Source "ChessBase"]
[SourceDate "2024.10.14"]
[SourceVersion "1"]
[SourceVersionDate "2024.10.14"]
[SourceQuality "1"]

1. e4 c5 2. Nf3 g6 3. d4 Bg7 4. dxc5 Nf6 5. Nc3 Qa5 6. Bd3 Qxc5 7. 0-0 Nc6 8. Nb5 0-0 9. Be3 Qh5 10. Be2 Ng4 11. Bf4 Qc5 12. h3 Nge5 13. Nc7 Rb8 14. Nd5 d6 15. Nxe5 Bxe5 16. b4 Nxb4 17. Be3 Qxc2 18. Nxb4 Qxe4 19. Rb1 Be6 20. Bd3 Qh4 21. Qd2 a5 22. Bg5 Qd4 23. Nc2 Qc5 24. Bxe7 Rfe8 25. Rb5 Qc7 26. Bg5 Bc3 27. Qf4 Be5 28. Qf3 Bc4 29. Bxc4 Qxc4 30. Qb3 Bh2+ 31. Kxh2 Qxf1 32. Rxb7 Rxb7 33. Qxb7 Qxf2 34. Qb5 Re5 35. Qb8+ Kg7 36. Qxd6 Rxg5 37. Qc6 Rc5 38. Qd6 Rxc2 39. Qe5+ Qf6 40. Qxa5 Qf4+ 0-1

[Event "Sueca op 7th"]
[Site "Sueca"]
[Date "2023.08.13"]
[Round "9"]
[White "Mendez Gimenez, Nestor Emmanuel"]
[Black "Deusa Ballesteros, Lucas"]
[Result "0-1"]
[WhiteElo "1789"]
[BlackElo "1971"]
[PlyCount "44"]
[EventDate "2023.08.07"]
[EventType "swiss"]
[EventRounds "9"]
[EventCountry "ESP"]
[SourceTitle "CBM 215 Extra"]
[Source "ChessBase"]
[SourceDate "2023.09.30"]
[SourceVersion "1"]
[SourceVersionDate "2023.09.30"]
[SourceQuality "1"]

1. e4 c5 2. Nf3 e6 3. d4 cxd4 4. Nxd4 Bc5 5. Nb3 Bb6 6. Nc3 Ne7 7. Bf4 d5 8. exd5 Nxd5 9. Nxd5 exd5 10. Bb5+ Nc6 11. Qe2+ Be6 12. 0-0 0-0 13. Rad1 Qf6 14. Bxc6 bxc6 15. Qe5 Qg6 16. Rd3 Qf5 17. Rg3 f6 18. Qxf5 Bxf5 19. Rc3 Rac8 20. Be3 Rfd8 21. Rd1 d4 22. Bxd4 c5 0-1

[Event "Sueca op 7th"]
[Site "Sueca"]
[Date "2023.08.09"]
[Round "3"]
[White "Argandona Riveiro, Inigo"]
[Black "Mendez Gimenez, Nestor Emmanuel"]
[Result "1-0"]
[WhiteElo "2344"]
[BlackElo "1789"]
[PlyCount "47"]
[EventDate "2023.08.07"]
[EventType "swiss"]
[EventRounds "9"]
[EventCountry "ESP"]
[SourceTitle "CBM 215 Extra"]
[Source "ChessBase"]
[SourceDate "2023.09.30"]
[SourceVersion "1"]
[SourceVersionDate "2023.09.30"]
[SourceQuality "1"]

1. d4 Nf6 2. Bg5 d5 3. e3 Bf5 4. Bxf6 exf6 5. Nd2 Bd6 6. g3 0-0 7. Bg2 c6 8. Ne2 Na6 9. a3 Nc7 10. 0-0 Qd7 11. Re1 Rfe8 12. c4 Bh3 13. Bh1 f5 14. Qb3 Qe6 15. c5 Bf8 16. Nf4 Qh6 17. Nxh3 Qxh3 18. Qxb7 Ne6 19. Qxc6 Red8 20. f4 Be7 21. Bxd5 Rac8 22. Bg2 Qh5 23. Qf3 Qg6 24. Nc4 1-0

[Event "ESP-ch U12 rapid"]
[Site "Salobrena"]
[Date "2023.07.15"]
[Round "1"]
[White "Maestre Soler, Sergio"]
[Black "Mendez Gimenez, Nestor Emmanuel"]
[Result "0-1"]
[WhiteElo "1211"]
[BlackElo "1587"]
[PlyCount "72"]
[EventDate "2023.07.15"]
[EventType "swiss (rapid)"]
[EventRounds "9"]
[EventCountry "ESP"]
[SourceTitle "EXT 2024"]
[Source "ChessBase"]
[SourceDate "2023.10.10"]
[SourceVersion "1"]
[SourceVersionDate "2023.10.10"]
[SourceQuality "1"]

1. d4 Nf6 2. e3 g6 3. Bd3 Bg7 4. f4 d6 5. Nf3 0-0 6. 0-0 c5 7. c3 Nc6 8. h3 a6 9. Bd2 b5 10. a3 Qc7 11. Be1 Nd5 12. Bf2 cxd4 13. exd4 Nxf4 14. Be4 d5 15. Bd3 Nxd3 16. Qxd3 Bf5 17. Qe3 e5 18. dxe5 Nxe5 19. Bg3 Nxf3+ 20. Qxf3 Qc5+ 21. Kh1 Be4 22. Qe2 Rfe8 23. Qf2 Qxf2 24. Bxf2 Bh6 25. a4 Bd3 26. Rd1 Bc2 27. Rxd5 Re2 28. Bh4 Be4 29. Re5 Bxg2+ 30. Kh2 Bf4+ 31. Kg1 Bxe5 32. axb5 axb5 33. Na3 Rxb2 34. Rc1 Rxa3 35. Re1 Bxc3 36. Re7 Bd4+ 0-1

[Event "ESP-ch U12 rapid"]
[Site "Salobrena"]
[Date "2023.07.15"]
[Round "2"]
[White "Mendez Gimenez, Nestor Emmanuel"]
[Black "Gonzalez Jimenez, Marcos Valero"]
[Result "0-1"]
[WhiteElo "1587"]
[BlackElo "1325"]
[PlyCount "94"]
[EventDate "2023.07.15"]
[EventType "swiss (rapid)"]
[EventRounds "9"]
[EventCountry "ESP"]
[SourceTitle "EXT 2024"]
[Source "ChessBase"]
[SourceDate "2023.10.10"]
[SourceVersion "1"]
[SourceVersionDate "2023.10.10"]
[SourceQuality "1"]

1. e4 e5 2. Nf3 Nc6 3. Bb5 a6 4. Ba4 Nf6 5. 0-0 b5 6. Bb3 Bc5 7. Nxe5 Nxe5 8. d4 Bxd4 9. Qxd4 Nc6 10. Qe3 d6 11. Nc3 Be6 12. Nd5 0-0 13. Bd2 Re8 14. Nxf6+ Qxf6 15. Bc3 Qg6 16. Bxe6 Rxe6 17. f4 Qxe4 18. Qg3 Qg6 19. Qf3 Qe4 20. Qg3 Qe3+ 21. Qxe3 Rxe3 22. Rfe1 Rae8 23. Kf2 R3e7 24. Rxe7 Rxe7 25. Re1 Rxe1 26. Bxe1 Kf8 27. Bc3 f6 28. Ke3 Ke7 29. Ke4 Ke6 30. g4 d5+ 31. Kd3 Kd6 32. h4 Ke6 33. Bd2 Kd6 34. Be1 Ne7 35. Bg3 Ng6 36. g5 c5 37. h5 Ne7 38. f5+ Kd7 39. g6 h6 40. Bf2 Kc6 41. c3 Nxf5 42. b4 c4+ 43. Kd2 Nd6 44. Ke3 Ne4 45. Be1 Kd6 46. Kd4 f5 47. Ke3 Ke5 0-1

[Event "ESP-ch U12 rapid"]
[Site "Salobrena"]
[Date "2023.07.15"]
[Round "4"]
[White "Mendez Gimenez, Nestor Emmanuel"]
[Black "Truter, Daniel"]
[Result "1-0"]
[WhiteElo "1587"]
[BlackElo "1301"]
[PlyCount "65"]
[EventDate "2023.07.15"]
[EventType "swiss (rapid)"]
[EventRounds "9"]
[EventCountry "ESP"]
[SourceTitle "EXT 2024"]
[Source "ChessBase"]
[SourceDate "2023.10.10"]
[SourceVersion "1"]
[SourceVersionDate "2023.10.10"]
[SourceQuality "1"]

1. e4 c5 2. Nf3 d6 3. d4 cxd4 4. Nxd4 Nf6 5. Nc3 a6 6. Bg5 e5 7. Nb3 Nc6 8. Qd2 Be7 9. 0-0-0 Be6 10. f3 h6 11. Bxf6 Bxf6 12. Qxd6 Bg5+ 13. Kb1 Qxd6 14. Rxd6 0-0 15. h4 Bf4 16. Nc5 Be3 17. Nxe6 fxe6 18. Rxe6 Bf4 19. Bc4 Kh8 20. Ne2 Be3 21. Rd1 Rad8 22. Red6 Bb6 23. Rxd8 Nxd8 24. Ng3 g6 25. Rd6 Bf2 26. Rxg6 Kh7 27. Rg4 Nc6 28. Nf5 Rd8 29. a3 b5 30. Bb3 b4 31. Rg7+ Kh8 32. Rg6 Na5 33. Rxh6# 1-0

[Event "ESP-ch U12"]
[Site "Salobrena"]
[Date "2023.07.10"]
[Round "2"]
[White "Lirola Gimeno, Manuel Jaime"]
[Black "Mendez Gimenez, Nestor Emmanuel"]
[Result "0-1"]
[WhiteElo "1422"]
[BlackElo "1818"]
[PlyCount "92"]
[EventDate "2023.07.10"]
[EventType "swiss"]
[EventRounds "9"]
[EventCountry "ESP"]
[SourceTitle "EXT 2024"]
[Source "ChessBase"]
[SourceDate "2023.10.10"]
[SourceVersion "1"]
[SourceVersionDate "2023.10.10"]
[SourceQuality "1"]

1. e4 c5 2. Nf3 d6 3. d4 cxd4 4. Nxd4 Nf6 5. Nc3 a6 6. Bg5 Nbd7 7. f4 e6 8. Qf3 h6 9. Bh4 g6 10. 0-0-0 Qc7 11. g4 Bg7 12. Be2 e5 13. fxe5 Nxe5 14. Qg2 Nexg4 15. Qf3 0-0 16. h3 Ne5 17. Qf2 g5 18. Bg3 Bd7 19. Rhg1 Rac8 20. Qg2 b5 21. h4 g4 22. a3 Rfe8 23. Bxb5 axb5 24. Ndxb5 Bxb5 25. Nxb5 Qb6 26. Nxd6 Nc4 27. c3 Nxd6 28. Rxd6 Qe3+ 29. Rd2 Nxe4 30. Be1 Nxd2 31. Bxd2 Qe2 32. Qg3 Rcd8 33. Rd1 Be5 34. Qg1 Bh2 35. Qb6 Bf4 36. Qb3 Bxd2+ 37. Kb1 Qxd1+ 38. Qxd1 Re1 39. Qxe1 Bxe1 40. Kc2 g3 41. b4 g2 42. b5 g1Q 43. a4 Qc5 44. Kb3 Qxc3+ 45. Ka2 Rd2+ 46. Kb1 Qb2# 0-1

[Event "ESP-ch U12"]
[Site "Salobrena"]
[Date "2023.07.10"]
[Round "1"]
[White "Mendez Gimenez, Nestor Emmanuel"]
[Black "Quintas Otero, Lois"]
[Result "1-0"]
[WhiteElo "1818"]
[BlackElo "1271"]
[PlyCount "94"]
[EventDate "2023.07.10"]
[EventType "swiss"]
[EventRounds "9"]
[EventCountry "ESP"]
[SourceTitle "EXT 2024"]
[Source "ChessBase"]
[SourceDate "2023.10.10"]
[SourceVersion "1"]
[SourceVersionDate "2023.10.10"]
[SourceQuality "1"]

1. e4 e5 2. Nf3 Nc6 3. Bb5 a6 4. Ba4 Nf6 5. 0-0 b5 6. Bb3 Bc5 7. Nxe5 Nxe5 8. d4 Bd6 9. dxe5 Bxe5 10. f4 Bd6 11. e5 Bc5+ 12. Kh1 0-0 13. exf6 Qxf6 14. Nc3 Qd6 15. Qxd6 Bxd6 16. Ne4 Be7 17. Be3 Bb7 18. Ng3 Bf6 19. Rad1 d6 20. c3 Rfe8 21. Bd4 Bxd4 22. Rxd4 Rad8 23. Rdd1 Re3 24. Rfe1 Rde8 25. Rxe3 Rxe3 26. Kg1 Kf8 27. Kf2 Re8 28. Bc2 g6 29. f5 Kg7 30. Re1 Rxe1 31. Kxe1 Bxg2 32. fxg6 hxg6 33. Be4 Bxe4 34. Nxe4 f5 35. Nf2 Kf6 36. Nd3 c5 37. Kf2 g5 38. Ke3 Ke6 39. b4 c4 40. Ne1 Kd5 41. Nc2 f4+ 42. Kf3 Kc6 43. Ke4 d5+ 44. Kf5 Kd6 45. Nd4 Ke7 46. Kxg5 Kf7 47. Kxf4 Kg6 1-0

[Event "ESP-ch U10"]
[Site "Salobrena"]
[Date "2021.07.02"]
[Round "8"]
[White "Mendez Gimenez, Nestor Emmanuel"]
[Black "Blanco Barra, Lucas"]
[Result "0-1"]
[WhiteElo "1202"]
[BlackElo "1206"]
[PlyCount "64"]
[EventDate "2021.06.28"]
[EventType "swiss"]
[EventRounds "9"]
[EventCountry "ESP"]
[SourceTitle "EXT 2022"]
[Source "ChessBase"]
[SourceDate "2021.10.06"]
[SourceVersion "1"]
[SourceVersionDate "2021.10.06"]
[SourceQuality "1"]

1. e4 e6 2. d4 d5 3. e5 c5 4. c3 Nc6 5. Nf3 Bd7 6. Qb3 Na5 7. Qc2 cxd4 8. cxd4 Rc8 9. Nc3 Nc6 10. a3 Qa5 11. Rb1 Nge7 12. Bd2 Nf5 13. Nb5 Qb6 14. Bc3 Ncxd4 15. Nfxd4 Nxd4 16. Nxd4 Qxd4 17. Bxd4 Rxc2 18. Bxa7 Bc5 19. Bd3 Bxa7 20. Bxc2 Bd4 21. f4 0-0 22. b4 Rc8 23. Bd3 Rc3 24. Ke2 Rxa3 25. Rhc1 g6 26. Rc7 Bc6 27. b5 Be8 28. Rxb7 Ra2+ 29. Kf3 h5 30. Kg3 g5 31. Rc7 Bf2+ 32. Kh3 g4# 0-1

[Event "ESP-ch U10"]
[Site "Salobrena"]
[Date "2021.06.30"]
[Round "5"]
[White "Herman Gamazo, Isaac"]
[Black "Mendez Gimenez, Nestor Emmanuel"]
[Result "1-0"]
[WhiteElo "1552"]
[BlackElo "1202"]
[PlyCount "45"]
[EventDate "2021.06.28"]
[EventType "swiss"]
[EventRounds "9"]
[EventCountry "ESP"]
[SourceTitle "EXT 2022"]
[Source "ChessBase"]
[SourceDate "2021.10.06"]
[SourceVersion "1"]
[SourceVersionDate "2021.10.06"]
[SourceQuality "1"]

1. e4 e6 2. d3 d5 3. Nd2 c5 4. Ngf3 Nc6 5. g3 Nf6 6. Bg2 g6 7. 0-0 Bg7 8. Re1 Qb6 9. exd5 Nxd5 10. Nc4 Qc7 11. Ng5 Nf6 12. Bf4 Qe7 13. Nd6+ Kf8 14. Ndxf7 Rg8 15. Bd6 Qxd6 16. Nxd6 Bd7 17. Nxe6+ Bxe6 18. Rxe6 Nd4 19. Qd2 Nxe6 20. Re1 Nd4 21. Qe3 Rh8 22. Qe7+ Kg8 23. Qf7# 1-0